Ask: The 1000 Most Asked Questions About the Home : (Record no. 606535)

MARC details
000 -LEADER
fixed length control field 00461nam a2200181 a 4500
008 - FIXED-LENGTH DATA ELEMENTS--GENERAL INFORMATION
fixed length control field 260101s2009##################000#0#eng##
020 ## - INTERNATIONAL STANDARD BOOK NUMBER
ISBN 9781846012921
082 04 - DEWEY DECIMAL CLASSIFICATION NUMBER
Classification number 643
Item number CAS
100 1# - MAIN ENTRY--AUTHOR NAME
Personal name Cassell, Julian,
245 10 - TITLE STATEMENT
Title Ask: The 1000 Most Asked Questions About the Home :
260 ## - PUBLICATION, DISTRIBUTION, ETC. (IMPRINT)
Name of publisher Spruce,
Year of publication 2009.
650 #0 - SUBJECT ADDED ENTRY--TOPICAL TERM
Topical Term House & Home.
942 ## - ADDED ENTRY ELEMENTS (KOHA)
Koha item type English Books
Holdings
Withdrawn status Lost status Damaged status Not for loan Home library Current library Shelving location Date acquired Full call number Accession Number Price effective from Koha item type
        Anna Centenary Library Anna Centenary Library 6TH FLOOR, A WING 01.01.2026 643 CAS 361797 01.01.2026 English Books

Find us on the map